000 00890nam a2200289 i 4500
001 000027984
003 DO-SdBNP
005 20240412074253.0
006 a||||gr|||| 00| 0
007 ta
008 110406s1983 dr a r 000 p spa d
040 _aDO-SdBNP
_bspa
_cBNPHU
_erda
082 4 _aRD861.44
_bE79r
_222
100 1 _aEstévez Weber, Rafael
_955044
_eautor
245 1 3 _aLa rosa permanente y otros poemas /
_cRafael Estévez Weber.
264 1 _aSanto Domingo :
_bCasa Weber,
_c1983.
300 _a95 página ;
_c15 cm.
336 _2rdacontent
_atexto
_btxt
337 _2rdamedia
_asin mediación
_bn
338 _2rdacarrier
_avolumen
_bnc
490 1 _aAntología de nuestra voz ;
_v5
590 _aInventariado, 2023 / MF
650 0 _aPoesía dominicana
_966
650 0 _aLiteratura dominicana.
_967
910 _aValidado. Control de calidad. MFF
942 _2ddc
_cLBS1
999 _c27476
_d27476